| 000 | 00535nam a2200181 a 4500 | ||
|---|---|---|---|
| 005 | 20241004063715.0 | ||
| 008 | 991125s1978 mx 000 0 spa u | ||
| 035 | _aUPN01000002674 | ||
| 049 | _aCG | ||
| 050 | 4 |
_aBF39 _bT3.3 1978 |
|
| 100 | 1 |
_aTavella, Nicolás M., _d1918-1994 _930165 |
|
| 245 | 1 | 0 |
_aAnálisis de los ítemes en la construcción de instrumentos psicométricos / _cNicolás M. Tavella. |
| 250 | _a2a ed. | ||
| 260 |
_aMéxico : _bTrillas, _c1978. |
||
| 300 | _a137 p. | ||
| 650 | 4 |
_aPsicometría _99969 |
|
| 905 | _aLibro | ||
| 999 |
_c2674 _d2674 |
||